00583nam a22001817a 4500003001100000005001700011008004100028040003900069041000800108082001300116100003800129245005600167260005800223650001000281942000700291952008800298999001500386LK-CoMWRAF20230922185343.0230922b |||||||| |||| 00| 0 eng d aLK-CoMWRAFdLK-CoMWRAFeLK-CoMWRAF aeng a297bWAH aWahhab, Shaykh Mohammad Ibn Abdul aThe Three fundamentals of Islam and their evidenees aSoudi Arebia :bPresidency of Islamic research,c1984 aIsalm cBK 00104070aMAINbMAINd2023-09-22l0o297 WAHpRAF1269r2023-09-22w2023-09-22yBK c3613d3613